Procedimiento de urgencia por delitos menos graves : Formularios y comentarios /
Guardado en:
| Autor Principal: | |
|---|---|
| Formato: | Desconocido |
| Idioma: | Spanish |
| Publicado: |
Madrid :
Revista de derecho judicial,
1967
|
| Edición: | 2ª ed. |
| Series: | Derecho y técnica de la circulación
|
| Materias: | |
| Etiquetas: |
Agregar Etiqueta
Sin Etiquetas, Sea el primero en etiquetar este registro!
|
| LEADER | 00565nac a22001575a 4500 | ||
|---|---|---|---|
| 001 | DER.der002216 | ||
| 005 | 20060929000000.0 | ||
| 008 | 180615s1967####||||||||||||||||||||spa|| | ||
| 100 | 1 | |a Lopez - Muñiz Goñi, Miguel | |
| 245 | 1 | 0 | |a Procedimiento de urgencia por delitos menos graves : |b Formularios y comentarios / |c Miguel Lopez - Muñiz Goñi |
| 250 | |a 2ª ed. | ||
| 260 | |a Madrid : |b Revista de derecho judicial, |c 1967 | ||
| 300 | 0 | |a 355 p. | |
| 440 | 0 | |a Derecho y técnica de la circulación | |
| 653 | |a RESPONSABILIDAD CIVIL | ||
| 859 | |a DERECHO |b BIB. DERECHO |h 346.02 |i LOP |p 004346 | ||
